Les surnoms des gens célèbres - Statistiques

Statistiques générales
  • Ce quiz a été pris 99 fois
  • Le résultat moyen est 9 sur 30
Statistiques - réponses
Personne Surnom (avec article) % Correct
Adolf Hitler Le Fuhrer
86%
Jeanne d'Arc La pucelle
67%
Louis XIV de France Le roi soleil
64%
Margaret Thatcher La dame de fer
63%
Benito Mussolini Le Duce
55%
Georges Clémenceau Le Tigre
55%
Bernard Hinault Le Blaireau
41%
Charles Trenet Le fou chantant
35%
Mao Zedong Le grand timonier
33%
Johnny Clegg Le Zoulou blanc
33%
Erwin Rommel Le renard du désert
32%
François Mitterrand Tonton
30%
Eddy Merckx Le Cannibale
28%
Attila Le fléau de Dieu
28%
Dwight Eisenhower Ike
26%
Marie-Antoinette L'Autrichienne
26%
Henri IV de France Le Vert galant
21%
Eddy Mitchell Schmoll
21%
Francisco Franco Le caudillo
20%
Napoléon Bonaparte Le petit caporal
18%
Michael Jackson Bambi
15%
Maximilien de Robespierre L'Incorruptible
15%
Johnny Hallyday Le Taulier
13%
Louise Michel La vierge rouge
12%
Napoléon III Badinguet
7%
Michel Ney Le Brave des braves
7%
Nicolae Ceaucescu Le génie des Carpates
7%
Michel Polnareff L'Amiral
5%
Fidel Castro Le lider maximo
4%
Louis XI de France L'universelle araigne
3%
Aucun quiz correspondant
Distribution des résultats
% des personnes avec chaque résultat
Percentile par nombre de réponses
Votre historique - résultats
Vous n’avez pas pris ce quiz